[Event "St Petersburg-ch (Women)"]
[Site "St Petersburg"]
[Date "2009.05.19"]
[Round "10"]
[White "Molchanova, Tatjana"]
[Black "Solovjova, Valentina"]
[Result "1/2-1/2"]
[WhiteElo "2321"]
[BlackElo "2305"]
[PlyCount "153"]
[EventDate "2009.05.10"]
[EventType "tourn"]
[EventRounds "10"]
[EventCountry "RUS"]
[SourceTitle "CBM 130 Extra"]
[Source "ChessBase"]
[SourceDate "2009.07.02"]
[SourceVersion "2"]
[SourceVersionDate "2009.07.15"]
[SourceQuality "1"]

1. d4 d5 2. Nf3 Nf6 3. c4 c6 4. e3 e6 5. b3 Nbd7 6. Bd3 Bd6 7. Bb2 0-0 8. 0-0 Qe7 9. Ne5 c5 10. Nd2 b6 11. f4 Bb7 12. Qe1 Ne4 13. Nxd7 Qxd7 14. Bxe4 dxe4 15. Rd1 Qc6 16. Nb1 cxd4 17. Bxd4 Bc5 18. Qc3 f6 19. Bxc5 Qxc5 20. Qd4 Qe7 21. Qd7 Kf7 22. Rd2 Rfd8 23. Qxe7+ Kxe7 24. Rfd1 Rxd2 25. Rxd2 a6 26. Nc3 Rc8 27. a4 h6 28. h4 g5 29. hxg5 hxg5 30. fxg5 f5 31. Kf2 Rg8 32. a5 bxa5 33. Ra2 Rd8 34. Na4 Rc8 35. Kg3 e5 36. Rd2 Rg8 37. Nb6 Bc6 38. Kf2 Rxg5 39. Nc8+ Ke8 40. Rd6 Bb7 41. Nb6 f4 42. Nd5 Rf5 43. c5 Bxd5 44. Rxd5 fxe3+ 45. Kxe3 Rf1 46. Kxe4 Re1+ 47. Kf5 Rb1 48. g4 Rxb3 49. g5 a4 50. Rd6 Rc3 51. Rxa6 Rxc5 52. Kf6 Rc3 53. Ra8+ Kd7 54. Rxa4 Rf3+ 55. Kg7 Ke6 56. g6 Kf5 57. Ra6 Rg3 58. Rf6+ Ke4 59. Kf7 Kd3 60. Rd6+ Ke3 61. Ra6 Rg1 62. g7 Rxg7+ 63. Kxg7 e4 64. Kf6 Kd2 65. Ke5 e3 66. Kd4 e2 67. Ra2+ Kd1 68. Kd3 e1N+ 69. Kc3 Nf3 70. Rf2 Ne1 71. Rd2+ Kc1 72. Ra2 Kd1 73. Rf2 Kc1 74. Rd2 Nf3 75. Rf2 Ne1 76. Rf1 Kd1 77. Rxe1+ 1/2-1/2

[Event "St Petersburg-ch (Women)"]
[Site "St Petersburg"]
[Date "2009.05.13"]
[Round "4"]
[White "Solovjova, Valentina"]
[Black "Molchanova, Tatjana"]
[Result "1/2-1/2"]
[WhiteElo "2305"]
[BlackElo "2321"]
[PlyCount "60"]
[EventDate "2009.05.10"]
[EventType "tourn"]
[EventRounds "10"]
[EventCountry "RUS"]
[SourceTitle "CBM 130 Extra"]
[Source "ChessBase"]
[SourceDate "2009.07.02"]
[SourceVersion "2"]
[SourceVersionDate "2009.07.15"]
[SourceQuality "1"]

1. e4 c6 2. d4 d5 3. Nc3 dxe4 4. Nxe4 Bf5 5. Ng3 Bg6 6. h4 h6 7. Nf3 Nd7 8. Bd3 Bxd3 9. Qxd3 e6 10. Bd2 Ngf6 11. 0-0-0 Be7 12. Ne4 c5 13. Nxf6+ Nxf6 14. Qb5+ Qd7 15. Qxd7+ Nxd7 16. Be3 Rc8 17. Rhe1 Nf6 18. dxc5 Bxc5 19. Bxc5 Rxc5 20. Ne5 Ke7 21. g4 Rhc8 22. c3 Rd5 23. g5 hxg5 24. hxg5 Rxd1+ 25. Rxd1 Nd5 26. Rh1 Rc7 27. Rh7 Kd6 28. Ng4 f6 29. gxf6 Nxf6 30. Nxf6 gxf6 1/2-1/2

[Event "St Petersburg-ch (Women)"]
[Site "St Petersburg"]
[Date "2009.05.11"]
[Round "2"]
[White "Solovjova, Valentina"]
[Black "Gromova, Iulia"]
[Result "0-1"]
[WhiteElo "2305"]
[BlackElo "2185"]
[PlyCount "71"]
[EventDate "2009.05.10"]
[EventType "tourn"]
[EventRounds "10"]
[EventCountry "RUS"]
[SourceTitle "CBM 130 Extra"]
[Source "ChessBase"]
[SourceDate "2009.07.02"]
[SourceVersion "2"]
[SourceVersionDate "2009.07.15"]
[SourceQuality "1"]

1. e4 c6 2. d4 d5 3. Nc3 dxe4 4. Nxe4 Bf5 5. Ng3 Bg6 6. h4 h6 7. Nf3 Nd7 8. h5 Bh7 9. Bd3 Bxd3 10. Qxd3 Qc7 11. Bd2 Ngf6 12. 0-0-0 e6 13. Qe2 0-0-0 14. Ne5 Nb6 15. c4 c5 16. Bf4 Bd6 17. dxc5 Qxc5 18. Rxd6 Qxd6 19. Ng6 Qc5 20. Nxh8 Rxh8 21. Kb1 Rd8 22. Be5 Qb4 23. a3 Qc5 24. Rc1 Qc6 25. f3 Nbd7 26. Bd4 Nc5 27. Bxf6 gxf6 28. Ne4 f5 29. Nxc5 Qxc5 30. Re1 Rd4 31. Qe3 f4 32. Qe2 Rxc4 33. b4 Qf5+ 34. Kb2 Qf6+ 35. Kb1 Qc3 36. Rd1 0-1

[Event "St Petersburg-ch (Women)"]
[Site "St Petersburg"]
[Date "2009.05.10"]
[Round "1"]
[White "Sokolova, Vera Evgenyevna"]
[Black "Solovjova, Valentina"]
[Result "1/2-1/2"]
[WhiteElo "2064"]
[BlackElo "2305"]
[PlyCount "30"]
[EventDate "2009.05.10"]
[EventType "tourn"]
[EventRounds "10"]
[EventCountry "RUS"]
[SourceTitle "CBM 130 Extra"]
[Source "ChessBase"]
[SourceDate "2009.07.02"]
[SourceVersion "2"]
[SourceVersionDate "2009.07.15"]
[SourceQuality "1"]

1. e4 e5 2. Nf3 d6 3. d4 exd4 4. Nxd4 Nf6 5. Nc3 Be7 6. g3 0-0 7. Bg2 c6 8. 0-0 Re8 9. h3 Na6 10. Bf4 Nc5 11. Qd2 Bf8 12. Rfe1 Ne6 13. Be3 Nc5 14. Bf4 Ne6 15. Be3 Nc5 1/2-1/2

[Event "EU-ch (Women) 10th"]
[Site "St Petersburg"]
[Date "2009.03.18"]
[Round "10"]
[White "Solovjova, Valentina"]
[Black "Ovod, Evgenija"]
[Result "0-1"]
[WhiteElo "2324"]
[BlackElo "2430"]
[PlyCount "136"]
[EventDate "2009.03.08"]
[EventType "swiss"]
[EventRounds "11"]
[EventCountry "RUS"]
[SourceTitle "CBM 129 Extra"]
[Source "ChessBase"]
[SourceDate "2009.05.05"]
[SourceVersion "2"]
[SourceVersionDate "2009.05.20"]
[SourceQuality "1"]

1. e4 e6 2. d4 d5 3. Nd2 c5 4. Ngf3 cxd4 5. exd5 Qxd5 6. Bc4 Qd6 7. 0-0 Nf6 8. Nb3 Nc6 9. Nbxd4 Nxd4 10. Nxd4 Be7 11. b3 a6 12. a4 e5 13. Nf3 Qxd1 14. Rxd1 e4 15. Nd4 Bg4 16. f3 exf3 17. gxf3 Bh5 18. Re1 Kd7 19. Nf5 Bb4 20. Rd1+ Kc8 21. Kg2 Bg6 22. Nd6+ Bxd6 23. Rxd6 Rd8 24. Rxd8+ Kxd8 25. Bf4 Bxc2 26. Bxf7 Rc8 27. Re1 Bd3 28. Bd6 Rc2+ 29. Kg3 Be2 30. b4 Kd7 31. Be5 Bc4 32. Rd1+ Ke7 33. Bxc4 Rxc4 34. Bd6+ Ke6 35. Bc5 Nd5 36. Re1+ Kf7 37. Bd6 Rc6 38. Bc5 b6 39. Bd4 Nxb4 40. Rb1 a5 41. h4 h5 42. Kf2 g6 43. Be3 Nd5 44. Bd4 Rc4 45. Bxb6 Nxb6 46. Rxb6 Rxh4 47. Rb7+ Kf6 48. Rb6+ Kg7 49. Ra6 Rxa4 50. Kg3 h4+ 51. Kh3 Kh6 52. Ra8 Kg5 53. Ra7 Kf4 54. Rf7+ Ke3 55. Rf6 Rf4 56. Rxg6 Kxf3 57. Rg5 a4 58. Rg8 Ke3 59. Re8+ Kd3 60. Rd8+ Kc3 61. Rc8+ Kb3 62. Rb8+ Rb4 63. Rf8 a3 64. Rf3+ Ka4 65. Rf2 Rc4 66. Rf8 a2 67. Ra8+ Kb3 68. Rb8+ Rb4 0-1

[Event "EU-ch (Women) 10th"]
[Site "St Petersburg"]
[Date "2009.03.16"]
[Round "8"]
[White "Solovjova, Valentina"]
[Black "Makropoulou, Marina"]
[Result "1-0"]
[WhiteElo "2324"]
[BlackElo "2262"]
[PlyCount "89"]
[EventDate "2009.03.08"]
[EventType "swiss"]
[EventRounds "11"]
[EventCountry "RUS"]
[SourceTitle "CBM 129 Extra"]
[Source "ChessBase"]
[SourceDate "2009.05.05"]
[SourceVersion "2"]
[SourceVersionDate "2009.05.20"]
[SourceQuality "1"]

1. e4 e5 2. Nf3 Nc6 3. d4 exd4 4. Nxd4 Bc5 5. Be3 Qf6 6. c3 Nge7 7. g3 h5 8. h3 h4 9. g4 Ng6 10. Qd2 Nce5 11. Be2 Bxd4 12. cxd4 Nf3+ 13. Bxf3 Qxf3 14. Rh2 d5 15. e5 c5 16. Nc3 0-0 17. Qe2 Qxe2+ 18. Nxe2 cxd4 19. Bxd4 Re8 20. f4 f6 21. exf6 Nxf4 22. Kd2 Nxe2 23. Rxe2 Rxe2+ 24. Kxe2 gxf6 25. Bxf6 Bd7 26. Bxh4 Re8+ 27. Kf3 d4 28. Bf2 d3 29. Rd1 Bb5 30. Bxa7 Ra8 31. Bd4 Rxa2 32. h4 Ra8 33. h5 Re8 34. g5 Bc6+ 35. Kg3 Bb5 36. g6 Re4 37. Bc3 Re3+ 38. Kf4 Rh3 39. Ra1 Ba6 40. Re1 Bb5 41. Re5 Bc6 42. Ra5 b6 43. Re5 Rh2 44. Re6 Rf2+ 45. Kg5 1-0

[Event "EU-ch (Women) 10th"]
[Site "St Petersburg"]
[Date "2009.03.08"]
[Round "1"]
[White "Samigullina, Diana"]
[Black "Solovjova, Valentina"]
[Result "0-1"]
[WhiteElo "2084"]
[BlackElo "2324"]
[PlyCount "76"]
[EventDate "2009.03.08"]
[EventType "swiss"]
[EventRounds "11"]
[EventCountry "RUS"]
[SourceTitle "CBM 129 Extra"]
[Source "ChessBase"]
[SourceDate "2009.05.05"]
[SourceVersion "2"]
[SourceVersionDate "2009.05.20"]
[SourceQuality "1"]

1. d4 d5 2. c4 c6 3. Nf3 e6 4. e3 Nf6 5. Nc3 Nbd7 6. Bd3 Bd6 7. 0-0 0-0 8. e4 dxc4 9. Bxc4 e5 10. Bg5 Qe7 11. d5 Rd8 12. Qe2 h6 13. Bh4 Nf8 14. Rad1 Ng6 15. Bg3 Nh5 16. Ne1 Nhf4 17. Qd2 b5 18. Bb3 b4 19. Ne2 Ba6 20. Bxf4 Nxf4 21. Nxf4 Bxf1 22. Kxf1 exf4 23. f3 Qh4 24. Kg1 Bc5+ 25. Kh1 cxd5 26. Bxd5 Rab8 27. Nd3 Be3 28. Qc2 Rdc8 29. Qb3 Qf6 30. e5 Qe7 31. e6 f6 32. Ne1 Kh8 33. Qd3 Rd8 34. Qe4 Rb5 35. Rd3 Bb6 36. Qc4 Rc5 37. Qxb4 Rc1 38. Qd2 Qc5 0-1

[Event "Moscow op (Women)"]
[Site "Moscow"]
[Date "2009.02.06"]
[Round "7"]
[White "Solovjova, Valentina"]
[Black "Yakovich, Yuliya"]
[Result "0-1"]
[WhiteElo "2324"]
[BlackElo "2125"]
[PlyCount "92"]
[EventDate "2009.01.31"]
[EventType "swiss"]
[EventRounds "9"]
[EventCountry "RUS"]
[SourceTitle "EXT 2012"]
[Source "ChessBase"]
[SourceDate "2011.11.24"]
[SourceVersion "1"]
[SourceVersionDate "2011.11.24"]
[SourceQuality "1"]

1. e4 e5 2. Nf3 Nc6 3. Nc3 Nf6 4. g3 d5 5. exd5 Nxd5 6. Bg2 Nxc3 7. bxc3 Bd6 8. 0-0 0-0 9. Rb1 Rb8 10. d4 Bf5 11. Nh4 Bd7 12. Be3 b6 13. Qd3 Ne7 14. Nf3 Bf5 15. Qd2 exd4 16. cxd4 Qc8 17. Rfe1 Re8 18. Nh4 Be6 19. c3 Qa6 20. d5 Bd7 21. Bd4 Ng6 22. Nxg6 hxg6 23. h4 Bf5 24. Rxe8+ Rxe8 25. Re1 Rxe1+ 26. Qxe1 Bd7 27. Qd2 Qa4 28. h5 gxh5 29. Qg5 Qd1+ 30. Kh2 Qg4 31. Qd8+ Kh7 32. Bf1 Bf5 33. f4 Be4 34. Qg5 Qxg5 35. fxg5 Bxd5 36. Bd3+ g6 37. c4 Be6 38. Kg2 Bf5 39. Be2 Bb1 40. a4 Bc2 41. a5 bxa5 42. Bxa7 Be5 43. Bc5 Bb2 44. Be7 a4 45. c5 Bb3 46. c6 a3 0-1